000 00545nam a22001817a 4500
999 _c6215
_d6215
003 AR-CdUCM
008 190314b ||||| |||| 00| 0 spa d
040 _aMUNICIPALIDAD PROVINCIAL DEL CUSCO
_cBIBLIOTECA MUNICIPAL DEL CUSCO
082 _aF868.60 /
_bG91
100 _aGuillen, Rafael /
_914597
245 _aCanto a la esposa /
260 _aGranada :
_bImprenta guevara,
_c1968.
300 _a13 páginas ;
_c18 cm.
500 _aDonación de la familia Nieto
650 _aPoemas argentinos
_917920
942 _2ddc
_cLIBROS
945 _aAndy